| 000 | 01331nam a2200373 i 4500 | ||
|---|---|---|---|
| 001 | 197654 | ||
| 003 | ES-MaACL | ||
| 005 | 20250825062711.0 | ||
| 007 | ta | ||
| 008 | 950922s1993 sp ao 000 0 spa d | ||
| 017 |
_aM 5004-1993 _bOficina Depósito Legal Madrid |
||
| 020 | _a8486629659 | ||
| 035 | _aCSIC000507374 | ||
| 035 | _a(ES-MaCSI)000507374MAD01-Aleph | ||
| 035 | _a(OCoLC)911636884 | ||
| 035 | _a990005073740204201 | ||
| 040 |
_aES-MaCSI _bspa _cVL |
||
| 080 | _a656.34(091)(460.27)"1871/1972" | ||
| 100 | 1 |
_aLópez Bustos, Carlos _973473 _eaut |
|
| 245 | 1 | 0 |
_aTranvías de Madrid / _cCarlos López Bustos. |
| 260 |
_a[Madrid] : _bAldaba, _c1993. |
||
| 300 |
_a287 p., [13] p. : _bil., fot. ; _c30 cm. |
||
| 336 |
_2rdacontent _atexto |
||
| 337 |
_2rdamedia _asin mediación |
||
| 338 |
_2rdacarrier _avolumen |
||
| 650 | 7 |
_aTranvías- _zMadrid _9159105 |
|
| 655 | 7 |
_2tgfbne _aLibros ilustrados _9193653 |
|
| 852 |
_aES-MaACL _cDEPO1 _jA-15731 _hDonación: Fernando Codina Rodríguez _xEncuadernación cartoné con sobrecubiertas _9206089 |
||
| 903 |
_aCodina Rodríguez, Fernando _ednr _9238631 |
||
| 942 |
_n0 _cMONOGRAFIA |
||
| 999 |
_c197654 _d197654 |
||